[Event "Zlin Region-chT 2223"]
[Site "Czech Republic"]
[Date "2023.02.26"]
[Round "9.7"]
[White "Charcenko, Valerij"]
[Black "Mazoch, Jiri"]
[Result "1/2-1/2"]
[WhiteElo "1809"]
[BlackElo "1944"]
[PlyCount "104"]
[EventDate "2022.10.09"]
[EventType "team-tourn"]
[EventRounds "11"]
[EventCountry "CZE"]
[SourceTitle "EXT 2024"]
[Source "ChessBase"]
[SourceDate "2023.10.10"]
[SourceVersion "1"]
[SourceVersionDate "2023.10.10"]
[SourceQuality "1"]
[WhiteTeam "Postoupky Sokol"]
[BlackTeam "Kromeriz Slavia III"]
[WhiteTeamCountry "CZE"]
[BlackTeamCountry "CZE"]

1. e4 c5 2. Nc3 e6 3. g3 d5 4. exd5 exd5 5. d4 cxd4 6. Qxd4 Be6 7. Bg2 Nc6 8. Qd1 d4 9. Nce2 Bb4+ 10. Bd2 Bd5 11. Nf3 Qa5 12. c3 Bxf3 13. Bxf3 dxc3 14. Bxc3 Bxc3+ 15. Nxc3 Qe5+ 16. Qe2 Qxe2+ 17. Bxe2 Nge7 18. 0-0 0-0-0 19. Rfd1 Nd4 20. Kf1 Nxe2 21. Kxe2 Nc6 22. Rxd8+ Rxd8 23. Rd1 Rxd1 24. Nxd1 Kd7 25. Ke3 Ke6 26. Nc3 f5 27. h4 g6 28. Ne2 Ke5 29. f3 Nb4 30. Nc3 h6 31. a3 Nd5+ 32. Nxd5 Kxd5 33. Kd3 a5 34. a4 g5 35. h5 b6 36. b3 Kc5 37. Kc3 b5 38. axb5 Kxb5 39. Kd3 Kb4 40. Kc2 Kc5 41. Kc3 Kd5 42. Kd3 Kc5 43. Kc3 Kb5 44. Kd3 Kb4 45. Kc2 f4 46. g4 Kb5 47. Kd3 Kb4 48. Kc2 Ka3 49. Kc3 Ka2 50. Kc2 Ka1 51. Kc1 Ka2 52. Kc2 Ka3 1/2-1/2

[Event "CZE-chT2E 2122"]
[Site "Czech Republic"]
[Date "2022.04.03"]
[Round "11.8"]
[White "Mazoch, Jiri"]
[Black "Setina, Vaclav"]
[Result "1/2-1/2"]
[WhiteElo "1946"]
[BlackElo "1888"]
[PlyCount "124"]
[EventDate "2021.10.17"]
[EventType "team-tourn"]
[EventRounds "11"]
[EventCountry "CZE"]
[SourceTitle "EXT 2024"]
[Source "ChessBase"]
[SourceDate "2023.10.10"]
[SourceVersion "1"]
[SourceVersionDate "2023.10.10"]
[SourceQuality "1"]
[WhiteTeam "Kromeriz Slavia II"]
[BlackTeam "Kurim"]
[WhiteTeamCountry "CZE"]
[BlackTeamCountry "CZE"]

1. e4 c5 2. Nf3 d6 3. d4 cxd4 4. Nxd4 Nf6 5. f3 e6 6. Be2 Be7 7. c4 Nc6 8. Be3 0-0 9. 0-0 Ne8 10. Nc3 Bf6 11. Qd2 Nxd4 12. Bxd4 Bxd4+ 13. Qxd4 e5 14. Qd2 Be6 15. Rad1 Qb6+ 16. Kh1 Rd8 17. b3 Nc7 18. f4 f6 19. g4 exf4 20. Rxf4 Bf7 21. Rf3 Bg6 22. Rd3 Qa5 23. Bf3 Rfe8 24. Nd5 Qxd2 25. R1xd2 Ne6 26. Nc3 Ng5 27. Kg2 Nxe4 28. Nxe4 Bxe4 29. Rxd6 Rxd6 30. Rxd6 Bxf3+ 31. Kxf3 Re7 32. h4 Kf7 33. c5 Rc7 34. b4 Ke7 35. Ke4 Rc8 36. Kd5 h5 37. gxh5 Rf8 38. b5 f5 39. Re6+ Kd8 40. Re2 Rh8 41. Rg2 Rxh5 42. Rxg7 Kc8 43. Rg5 Rxh4 44. Rxf5 Rb4 45. Kd6 Rd4+ 46. Rd5 Ra4 47. Rd2 Rb4 48. Rh2 Rd4+ 49. Ke5 Rb4 50. Kd5 Rg4 51. Re2 Rg6 52. a4 Kd7 53. a5 a6 54. b6 Rg5+ 55. Re5 Rg1 56. Rh5 Rd1+ 57. Kc4 Rc1+ 58. Kb4 Rb1+ 59. Kc3 Kc6 60. Kc4 Rc1+ 61. Kb4 Rb1+ 62. Kc4 Rc1+ 1/2-1/2

[Event "CZE-chT2E 1718"]
[Site "Czech Republic"]
[Date "2018.04.08"]
[Round "11.5"]
[White "Senkyr, Martin"]
[Black "Mazoch, Jiri"]
[Result "1/2-1/2"]
[WhiteElo "2123"]
[BlackElo "1969"]
[PlyCount "40"]
[EventDate "2017.10.15"]
[EventType "team-tourn"]
[EventRounds "11"]
[EventCountry "CZE"]
[SourceTitle "EXT 2022"]
[Source "ChessBase"]
[SourceDate "2021.10.06"]
[SourceVersion "1"]
[SourceVersionDate "2021.10.06"]
[SourceQuality "1"]
[WhiteTeam "Zlin"]
[BlackTeam "Kromeriz Slavia II"]
[WhiteTeamCountry "CZE"]
[BlackTeamCountry "CZE"]

1. Nf3 Nf6 2. g3 g6 3. Bg2 Bg7 4. d3 d5 5. 0-0 0-0 6. c3 Nbd7 7. Nbd2 e5 8. Qc2 c6 9. e4 dxe4 10. dxe4 Qc7 11. Re1 Rd8 12. Nb3 Nf8 13. h3 b6 14. Bg5 Ba6 15. Rad1 Ne6 16. Bxf6 Bxf6 17. Bf1 Bxf1 18. Kxf1 a5 19. Rxd8+ Rxd8 20. Rd1 a4 1/2-1/2

[Event "CZE-chT2E 1718"]
[Site "Czech Republic"]
[Date "2017.12.03"]
[Round "4.6"]
[White "Mazoch, Jiri"]
[Black "Kredl, Karel"]
[Result "1/2-1/2"]
[WhiteElo "1969"]
[BlackElo "2140"]
[PlyCount "176"]
[EventDate "2017.10.15"]
[EventType "team-tourn"]
[EventRounds "11"]
[EventCountry "CZE"]
[SourceTitle "EXT 2022"]
[Source "ChessBase"]
[SourceDate "2021.10.06"]
[SourceVersion "1"]
[SourceVersionDate "2021.10.06"]
[SourceQuality "1"]
[WhiteTeam "Kromeriz Slavia II"]
[BlackTeam "Brno Moravska Slavia II"]
[WhiteTeamCountry "CZE"]
[BlackTeamCountry "CZE"]

1. e4 c5 2. Nf3 d6 3. d4 cxd4 4. Nxd4 Nf6 5. f3 e5 6. Bb5+ Nbd7 7. Nf5 Qb6 8. c4 a6 9. Ba4 g6 10. Ne3 Be7 11. Nc3 0-0 12. Ncd5 Qd8 13. Nxe7+ Qxe7 14. 0-0 Nc5 15. Bc2 a5 16. b3 Bd7 17. Rf2 Rfc8 18. Qf1 Ne6 19. Ba3 Nc5 20. Rd1 Ra6 21. Rfd2 Be6 22. Bd3 Kg7 23. Bb2 Kg8 24. Nd5 Bxd5 25. cxd5 Nxd3 26. Qxd3 Raa8 27. Rc2 Qd8 28. Rdc1 Ne8 29. Qb5 Rxc2 30. Rxc2 Rc8 31. Rc4 Rxc4 32. bxc4 Kf8 33. Bc1 Qc8 34. Be3 f5 35. exf5 gxf5 36. c5 f4 37. Bf2 dxc5 38. Bxc5+ Kf7 39. d6 Nf6 40. Qxa5 Ke6 41. Qc7 Qd7 42. g3 fxg3 43. hxg3 Ne8 44. Qxd7+ Kxd7 45. Bb4 Nxd6 46. Bxd6 Kxd6 47. Kf2 b5 48. Ke3 Kd5 49. Kd3 b4 50. Ke3 Kc4 51. Ke4 Kc3 52. f4 exf4 53. gxf4 Kb2 54. f5 Kxa2 55. f6 b3 56. f7 b2 57. f8Q b1Q+ 58. Kd4 Qb2+ 59. Kd3 Qb5+ 60. Ke3 Qe5+ 61. Kf2 Qd4+ 62. Kg2 Qg4+ 63. Kh2 Qh4+ 64. Kg2 Qe4+ 65. Kh2 Qe5+ 66. Kg2 Qg5+ 67. Kh2 Qh4+ 68. Kg2 Kb3 69. Qb8+ Kc4 70. Qc7+ Kd5 71. Qd7+ Ke5 72. Qg7+ Ke6 73. Qg8+ Ke7 74. Qg7+ Ke8 75. Qg8+ Kd7 76. Qf7+ Kc8 77. Qg8+ Kb7 78. Qf7+ Kc8 79. Qg8+ Kb7 80. Qf7+ Ka6 81. Qe6+ Ka5 82. Qd5+ Kb4 83. Qd6+ Ka4 84. Qc6+ Kb3 85. Qb5+ Ka3 86. Qa5+ Kb3 87. Qb5+ Ka2 88. Qa5+ Kb3 1/2-1/2

[Event "Policka op"]
[Site "Policka"]
[Date "2015.07.06"]
[Round "4"]
[White "Mazoch, Jiri"]
[Black "Sabol, Marian"]
[Result "0-1"]
[WhiteElo "1958"]
[BlackElo "2312"]
[PlyCount "122"]
[EventDate "2015.07.04"]
[EventType "swiss"]
[EventRounds "9"]
[EventCountry "CZE"]
[SourceTitle "CBM 167 Extra"]
[Source "ChessBase"]
[SourceDate "2015.09.14"]
[SourceVersion "1"]
[SourceVersionDate "2015.09.14"]
[SourceQuality "1"]

1. e4 c5 2. Nf3 d6 3. d4 cxd4 4. Nxd4 Nf6 5. Nc3 a6 6. Bg5 Nbd7 7. Qd2 h6 8. Be3 Ng4 9. Be2 Nxe3 10. Qxe3 Nf6 11. h3 e6 12. 0-0-0 Qc7 13. f4 Be7 14. Bf3 Bd7 15. Kb1 Rc8 16. g4 b5 17. g5 hxg5 18. fxg5 Nh7 19. h4 b4 20. Nce2 e5 21. Nf5 g6 22. Nxe7 Qxc2+ 23. Ka1 Kxe7 24. Qb6 Qc5 25. Qxa6 Bb5 26. Qb7+ Rc7 27. Qd5 Qxd5 28. Rxd5 Bxe2 29. Bxe2 Nxg5 30. Bd3 Nf3 31. b3 Rxh4 32. Rxh4 Nxh4 33. Bc4 Nf3 34. Rd3 Nd4 35. Rg3 Kf6 36. Kb2 Ra7 37. Rg2 Kg7 38. Bd3 Kh6 39. Rh2+ Kg7 40. Rg2 f6 41. Rg3 Rc7 42. Rg2 Rc8 43. Bc4 Ra8 44. Bd3 Ra5 45. Bc4 f5 46. exf5 Nxf5 47. Rd2 Kf6 48. Bg8 e4 49. Bc4 Ke5 50. Rg2 Kf6 51. Re2 d5 52. Bxd5 Rxd5 53. Rxe4 Rd2+ 54. Kb1 Rd4 55. Re8 g5 56. Rf8+ Ke5 57. Kb2 g4 58. a4 bxa3+ 59. Kxa3 g3 60. Rg8 Rd7 61. Re8+ Re7 0-1

[Event "Policka op"]
[Site "Policka"]
[Date "2015.07.05"]
[Round "3"]
[White "Tulis, Jan"]
[Black "Mazoch, Jiri"]
[Result "0-1"]
[WhiteElo "2021"]
[BlackElo "1958"]
[PlyCount "118"]
[EventDate "2015.07.04"]
[EventType "swiss"]
[EventRounds "9"]
[EventCountry "CZE"]
[SourceTitle "CBM 167 Extra"]
[Source "ChessBase"]
[SourceDate "2015.09.14"]
[SourceVersion "1"]
[SourceVersionDate "2015.09.14"]
[SourceQuality "1"]

1. Nf3 Nf6 2. g3 g6 3. Bg2 Bg7 4. 0-0 0-0 5. c4 d6 6. Nc3 c5 7. d3 Nc6 8. a3 Ne8 9. Rb1 Rb8 10. Bd2 a6 11. b4 Nd4 12. b5 a5 13. e3 Nxf3+ 14. Bxf3 b6 15. e4 Bh3 16. Re1 Bd7 17. Nd5 e6 18. Ne3 Nc7 19. Bg2 e5 20. Nd5 Nxd5 21. exd5 f5 22. f4 Re8 23. Kh1 exf4 24. Rxe8+ Qxe8 25. Bxf4 Be5 26. Qd2 Qe7 27. Re1 Re8 28. Bxe5 dxe5 29. a4 Kg7 30. h4 Qd6 31. Qf2 h6 32. Qf3 Qf6 33. Bh3 Re7 34. Rf1 h5 35. Kh2 Rf7 36. Kg2 Rf8 37. Re1 Qd6 38. Kh2 Re8 39. Bg2 Qf6 40. Bh3 Qd6 41. Bg2 Qf6 42. Bh3 Bc8 43. Qe3 Bd7 44. Qf3 Re7 45. Re2 Rf7 46. Bg2 f4 47. Kh1 Bg4 48. Qe4 Bxe2 49. gxf4 Bg4 50. fxe5 Qf2 51. e6 Rf3 52. Qe5+ Kh7 53. Qg5 Re3 54. Qe7+ Kg8 55. Qe8+ Qf8 56. Qxg6+ Qg7 57. Qe8+ Kh7 58. Qb8 Bf3 59. Bxf3 Rxf3 0-1

[Event "CZE-chT2E 1314"]
[Site "Czech Republic"]
[Date "2013.12.01"]
[Round "3.7"]
[White "Hudacek, Josef"]
[Black "Mazoch, Jiri"]
[Result "1-0"]
[WhiteElo "2040"]
[BlackElo "2003"]
[PlyCount "127"]
[EventDate "2013.11.03"]
[EventType "team-tourn"]
[EventRounds "11"]
[EventCountry "CZE"]
[SourceTitle "EXT 2016"]
[Source "ChessBase"]
[SourceDate "2015.10.08"]
[SourceVersion "1"]
[SourceVersionDate "2015.10.08"]
[SourceQuality "1"]
[WhiteTeam "Prusanky Podluzan"]
[BlackTeam "Kromeriz Slavia II"]
[WhiteTeamCountry "CZE"]
[BlackTeamCountry "CZE"]

1. e4 c5 2. Ne2 g6 3. g3 Bg7 4. Bg2 Nc6 5. d3 e5 6. 0-0 Nge7 7. f4 exf4 8. Nxf4 0-0 9. c3 d6 10. Nd2 Rb8 11. a4 a6 12. Nf3 Ne5 13. h3 Bd7 14. Kh2 Qb6 15. Rf2 Rbc8 16. Be3 h6 17. Qd2 Qc7 18. Ne2 Kh7 19. b3 Be6 20. Rb1 f5 21. Nf4 Bf7 22. Nxe5 dxe5 23. Nd5 Bxd5 24. exd5 Qd6 25. c4 g5 26. b4 b6 27. bxc5 bxc5 28. Qa5 f4 29. Be4+ Kh8 30. Rb6 Qd7 31. Bxc5 fxg3+ 32. Kxg3 Rxf2 33. Bxf2 Nf5+ 34. Kh2 Nd4 35. Qxa6 Rf8 36. Bg3 Ne2 37. Rb7 Qe8 38. Qa7 Rg8 39. Bf2 Qh5 40. Rb8 g4 41. Rxg8+ Kxg8 42. Qb8+ Bf8 43. h4 Nd4 44. Qc8 Kg7 45. Qd7+ Kf6 46. Qd8+ Be7 47. Qh8+ Kf7 48. Qh7+ Kf6 49. Bg3 Nf3+ 50. Bxf3 gxf3 51. Qh8+ Kf7 52. Qxe5 Qxe5 53. Bxe5 Bxh4 54. Bd4 Be1 55. c5 Ke7 56. Be3 h5 57. Bf4 Bb4 58. d4 Be1 59. d6+ Ke6 60. c6 f2 61. Kg2 h4 62. d5+ Kf5 63. Bh2 h3+ 64. Kf1 1-0

[Event "CZE-chT2F 1213"]
[Site "Czech Republic"]
[Date "2012.12.02"]
[Round "4.64"]
[White "Mazoch, Jiri"]
[Black "Mrazek, Lumir"]
[Result "0-1"]
[WhiteElo "2042"]
[BlackElo "2201"]
[PlyCount "82"]
[EventDate "2012.10.14"]
[EventType "team-tourn"]
[EventRounds "11"]
[EventCountry "CZE"]
[SourceTitle "EXT 2016"]
[Source "ChessBase"]
[SourceDate "2015.10.08"]
[SourceVersion "1"]
[SourceVersionDate "2015.10.08"]
[SourceQuality "1"]
[WhiteTeam "Kromeriz Slavia II"]
[BlackTeam "Orlova Slavia II"]
[WhiteTeamCountry "CZE"]
[BlackTeamCountry "CZE"]

1. d4 f5 2. g3 Nf6 3. Bg2 g6 4. c4 Bg7 5. Nf3 0-0 6. 0-0 d6 7. Qc2 Qe8 8. d5 e5 9. dxe6 Bxe6 10. Nd4 Nc6 11. Nxe6 Qxe6 12. Rd1 Rae8 13. e3 Kh8 14. Na3 a6 15. Bd2 Ne4 16. Be1 g5 17. Qb3 Ne5 18. h3 g4 19. Qxb7 gxh3 20. Bxh3 Nf3+ 21. Kf1 Qh6 22. Bg2 Nh2+ 23. Kg1 Ng4 24. Rd3 Nc5 25. Qd5 Re5 26. Qd4 Re6 27. Qd5 c6 28. Qxe6 Qxe6 29. Rd2 Ne4 30. Re2 Rb8 31. Rb1 Ne5 32. Rc2 Nd3 33. b3 h5 34. Rd1 Nxe1 35. Rxe1 Rg8 36. Kh2 Be5 37. Bxe4 fxe4 38. Kg2 Qf5 39. Rd2 Qf3+ 40. Kg1 Bxg3 41. Kf1 Bh2 0-1

[Event "CZE-chT2F 1213"]
[Site "Czech Republic"]
[Date "2012.11.18"]
[Round "3.26"]
[White "Zalesky, Karel"]
[Black "Mazoch, Jiri"]
[Result "1-0"]
[WhiteElo "2137"]
[BlackElo "2042"]
[PlyCount "81"]
[EventDate "2012.10.14"]
[EventType "team-tourn"]
[EventRounds "11"]
[EventCountry "CZE"]
[SourceTitle "EXT 2016"]
[Source "ChessBase"]
[SourceDate "2015.10.08"]
[SourceVersion "1"]
[SourceVersionDate "2015.10.08"]
[SourceQuality "1"]
[WhiteTeam "Opava KVS"]
[BlackTeam "Kromeriz Slavia II"]
[WhiteTeamCountry "CZE"]
[BlackTeamCountry "CZE"]

1. e4 c5 2. Nf3 d6 3. d4 cxd4 4. Nxd4 Nf6 5. Nc3 a6 6. Be2 e5 7. Nb3 Be7 8. 0-0 0-0 9. a4 Be6 10. f4 Qc7 11. Be3 Nbd7 12. Rf2 Bc4 13. Bf3 exf4 14. Bxf4 Ne5 15. Rd2 Rfd8 16. Nd4 Rac8 17. Kh1 Qa5 18. Nf5 Bf8 19. Bg5 Nxf3 20. gxf3 Qe5 21. Qg1 g6 22. Rad1 d5 23. f4 Qe6 24. Nd4 Qb6 25. e5 Qxb2 26. Bxf6 Qxc3 27. Bxd8 Rxd8 28. Qg3 Qb4 29. h4 Bc5 30. h5 Bxd4 31. Rxd4 Qf8 32. hxg6 hxg6 33. Kg2 Re8 34. Rh1 Qg7 35. Qg5 Rc8 36. Rh3 b5 37. axb5 axb5 38. Rd2 Kf8 39. Qh6 Qxh6 40. Rxh6 Ba2 41. Rh8+ 1-0

[Event "CZE-chT2E 1112"]
[Site "Czech Republic"]
[Date "2012.03.25"]
[Round "10.5"]
[White "Loubal, Pavel"]
[Black "Mazoch, Jiri"]
[Result "1/2-1/2"]
[WhiteElo "2023"]
[BlackElo "2053"]
[PlyCount "30"]
[EventDate "2011.10.09"]
[EventType "team-tourn"]
[EventRounds "11"]
[EventCountry "CZE"]
[SourceTitle "EXT 2013"]
[Source "ChessBase"]
[SourceDate "2012.11.22"]
[SourceVersion "1"]
[SourceVersionDate "2012.11.22"]
[SourceQuality "1"]
[WhiteTeam "Adamov"]
[BlackTeam "Kromeriz II"]
[WhiteTeamCountry "CZE"]
[BlackTeamCountry "CZE"]

1. d4 Nf6 2. c4 g6 3. Nc3 d5 4. cxd5 Nxd5 5. g3 Bg7 6. Bg2 Nb6 7. Nf3 Na6 8. 0-0 0-0 9. h3 c5 10. dxc5 Nxc5 11. Be3 Ne6 12. Qb3 Bxc3 13. Qxc3 Nd5 14. Qb3 Nxe3 15. Qxe3 Qb6 1/2-1/2

[Event "CZE-chT2E 1112"]
[Site "Czech Republic"]
[Date "2012.03.04"]
[Round "9.4"]
[White "Kratochvil, Karel"]
[Black "Mazoch, Jiri"]
[Result "1-0"]
[WhiteElo "2198"]
[BlackElo "2053"]
[PlyCount "89"]
[EventDate "2011.10.09"]
[EventType "team-tourn"]
[EventRounds "11"]
[EventCountry "CZE"]
[SourceTitle "EXT 2013"]
[Source "ChessBase"]
[SourceDate "2012.11.22"]
[SourceVersion "1"]
[SourceVersionDate "2012.11.22"]
[SourceQuality "1"]
[WhiteTeam "Brno Lokomotiva II"]
[BlackTeam "Kromeriz II"]
[WhiteTeamCountry "CZE"]
[BlackTeamCountry "CZE"]

1. d4 Nf6 2. c4 g6 3. Nc3 Bg7 4. e4 d6 5. Nf3 0-0 6. h3 e5 7. d5 Nh5 8. g4 Nf4 9. Be3 b6 10. Qd2 f5 11. gxf5 gxf5 12. Rg1 Kh8 13. 0-0-0 Na6 14. Bxf4 exf4 15. Nd4 Bxd4 16. Qxd4+ Qf6 17. Qd2 Nc5 18. Bd3 Nxd3+ 19. Qxd3 a6 20. f3 Bd7 21. Qd2 b5 22. c5 b4 23. Ne2 fxe4 24. fxe4 f3 25. Ng3 Qf4 26. h4 f2 27. Qxf4 fxg1Q 28. Qxf8+ Rxf8 29. Rxg1 Bg4 30. Rf1 Rf3 31. Rxf3 Bxf3 32. cxd6 cxd6 33. Kd2 Kg8 34. Ke3 Bg4 35. Kf4 Bd7 36. Nf5 Bxf5 37. Kxf5 Kf7 38. e5 dxe5 39. Kxe5 Ke7 40. d6+ Kd7 41. h5 a5 42. b3 h6 43. Kd5 Kd8 44. Kc6 Kc8 45. Kb6 1-0

[Event "CZE-chT2E 1112"]
[Site "Czech Republic"]
[Date "2011.11.20"]
[Round "3.6"]
[White "Mazoch, Jiri"]
[Black "Slovak, Pavel"]
[Result "1-0"]
[WhiteElo "2053"]
[BlackElo "2039"]
[PlyCount "59"]
[EventDate "2011.10.09"]
[EventType "team-tourn"]
[EventRounds "11"]
[EventCountry "CZE"]
[SourceTitle "EXT 2013"]
[Source "ChessBase"]
[SourceDate "2012.11.22"]
[SourceVersion "1"]
[SourceVersionDate "2012.11.22"]
[SourceQuality "1"]
[WhiteTeam "Kromeriz II"]
[BlackTeam "Zlin III"]
[WhiteTeamCountry "CZE"]
[BlackTeamCountry "CZE"]

1. d4 d5 2. c4 e6 3. Nc3 Nf6 4. Bg5 Nbd7 5. e3 Be7 6. Nf3 0-0 7. Qc2 c6 8. Rc1 h6 9. Bh4 Qa5 10. Nd2 Re8 11. Be2 e5 12. Nb3 Qd8 13. cxd5 Nxd5 14. Bxe7 Nxe7 15. 0-0 exd4 16. Nxd4 Nf6 17. Rfd1 Qa5 18. a3 Nf5 19. e4 Nxd4 20. Rxd4 Qe5 21. Rcd1 Be6 22. g3 Bh3 23. f4 Qc5 24. b4 Qb6 25. Na4 Qc7 26. e5 Nd5 27. Rxd5 Qe7 28. Rd6 a5 29. Nb6 Rad8 30. Qd2 1-0

[Event "CZE-chT2E 0910"]
[Site "Czech Republic"]
[Date "2010.03.28"]
[Round "10.2"]
[White "Bazant, Petr Sr"]
[Black "Mazoch, Jiri"]
[Result "1/2-1/2"]
[WhiteElo "2303"]
[BlackElo "2110"]
[PlyCount "36"]
[EventDate "2009.10.18"]
[EventType "team-tourn"]
[EventRounds "11"]
[EventCountry "CZE"]
[SourceTitle "EXT 2012"]
[Source "ChessBase"]
[SourceDate "2011.11.24"]
[SourceVersion "1"]
[SourceVersionDate "2011.11.24"]
[SourceQuality "1"]
[WhiteTeam "Stare Mesto II"]
[BlackTeam "Kromeriz II"]
[WhiteTeamCountry "CZE"]
[BlackTeamCountry "CZE"]

1. d4 Nf6 2. c4 e6 3. Nf3 b6 4. g3 Ba6 5. b3 Bb7 6. Bg2 Bb4+ 7. Bd2 Bxd2+ 8. Nbxd2 0-0 9. 0-0 d6 10. b4 Nbd7 11. Qc2 Qe7 12. a4 a5 13. b5 h6 14. Rac1 Rab8 15. Ne1 Bxg2 16. Nxg2 e5 17. e3 Rfe8 18. Rfe1 Qe6 1/2-1/2

[Event "CZE-chT2E 0910"]
[Site "Czech Republic"]
[Date "2010.03.14"]
[Round "9.2"]
[White "Mazoch, Jiri"]
[Black "Dvoulety, Pavel"]
[Result "1-0"]
[WhiteElo "2110"]
[BlackElo "2092"]
[PlyCount "51"]
[EventDate "2009.10.18"]
[EventType "team-tourn"]
[EventRounds "11"]
[EventCountry "CZE"]
[SourceTitle "EXT 2012"]
[Source "ChessBase"]
[SourceDate "2011.11.24"]
[SourceVersion "1"]
[SourceVersionDate "2011.11.24"]
[SourceQuality "1"]
[WhiteTeam "Kromeriz II"]
[BlackTeam "Stare Mesto III"]
[WhiteTeamCountry "CZE"]
[BlackTeamCountry "CZE"]

1. d4 d5 2. Nf3 Nf6 3. c4 e6 4. Bg5 Be7 5. Nc3 0-0 6. e3 h6 7. Bxf6 Bxf6 8. Qc2 b6 9. 0-0-0 Bb7 10. cxd5 exd5 11. h4 Nd7 12. g4 c5 13. g5 cxd4 14. exd4 Be7 15. gxh6 Nf6 16. hxg7 Re8 17. Bb5 Rc8 18. Bxe8 Qxe8 19. Ng5 b5 20. h5 b4 21. h6 Qd7 22. h7+ Kxg7 23. h8Q+ Rxh8 24. Rxh8 Kxh8 25. Nxf7+ Kg7 26. Ne5 1-0

[Event "CZE-chT2E 0910"]
[Site "Czech Republic"]
[Date "2010.02.28"]
[Round "8.2"]
[White "Blazkova, Petra"]
[Black "Mazoch, Jiri"]
[Result "1/2-1/2"]
[WhiteElo "2178"]
[BlackElo "2110"]
[PlyCount "105"]
[EventDate "2009.10.18"]
[EventType "team-tourn"]
[EventRounds "11"]
[EventCountry "CZE"]
[SourceTitle "EXT 2012"]
[Source "ChessBase"]
[SourceDate "2011.11.24"]
[SourceVersion "1"]
[SourceVersionDate "2011.11.24"]
[SourceQuality "1"]
[WhiteTeam "Brno Lokomotiva III"]
[BlackTeam "Kromeriz II"]
[WhiteTeamCountry "CZE"]
[BlackTeamCountry "CZE"]

1. e4 c5 2. Nc3 e6 3. Nf3 Nc6 4. Bb5 Nge7 5. 0-0 a6 6. Be2 Nd4 7. Nxd4 cxd4 8. Nb1 g6 9. d3 Bg7 10. f4 0-0 11. Nd2 d6 12. Nf3 e5 13. Qe1 f5 14. Qg3 Nc6 15. fxe5 dxe5 16. exf5 Rxf5 17. Bd2 Bd7 18. Ng5 Qb6 19. Bg4 Rxf1+ 20. Rxf1 Bxg4 21. Qxg4 Nd8 22. Qh4 h6 23. Ne4 g5 24. Qh5 Qe6 25. h4 gxh4 26. Qxh4 Nf7 27. Nf6+ Kh8 28. Ng4 Rc8 29. c4 Qg6 30. Qh3 Rc6 31. Qf3 Ng5 32. Bxg5 Qxg5 33. Nf2 Qe3 34. Qxe3 dxe3 35. Ne4 b5 36. c5 b4 37. Rf3 Kh7 38. Kf1 h5 39. Rxe3 Bf8 40. Re2 Kg6 41. Rc2 Be7 42. Ke2 Kf5 43. Rc4 a5 44. Kf3 Ke6 45. Ng3 h4 46. Ne4 Kd5 47. b3 Rg6 48. Rc2 Rc6 49. Ke3 Rg6 50. c6 Rxc6 51. Rxc6 Kxc6 52. d4 Kd5 53. dxe5 1/2-1/2

[Event "CZE-chT1E 0910"]
[Site "Czech Republic"]
[Date "2010.02.07"]
[Round "8.8"]
[White "Mazoch, Jiri"]
[Black "Zigo, Viktor"]
[Result "1/2-1/2"]
[WhiteElo "2110"]
[BlackElo "2252"]
[PlyCount "72"]
[EventDate "2009.11.15"]
[EventType "team-tourn"]
[EventRounds "11"]
[EventCountry "CZE"]
[SourceTitle "EXT 2011"]
[Source "ChessBase"]
[SourceDate "2010.11.26"]
[SourceVersion "1"]
[SourceVersionDate "2010.11.26"]
[SourceQuality "1"]
[WhiteTeam "Kromeriz"]
[BlackTeam "Jihlava"]
[WhiteTeamCountry "CZE"]
[BlackTeamCountry "CZE"]

1. d4 Nf6 2. c4 e6 3. Nc3 d5 4. Bg5 Be7 5. e3 0-0 6. Nf3 h6 7. Bxf6 Bxf6 8. Qc2 c5 9. 0-0-0 cxd4 10. exd4 Nc6 11. h4 dxc4 12. Qe4 Nb4 13. Bxc4 b5 14. Bb3 Rb8 15. Qf4 Bb7 16. Ne4 Bxe4 17. Qxe4 a5 18. Kb1 a4 19. Bc2 Nxc2 20. Qxc2 Qd5 21. Rhe1 a3 22. Qe4 Qxe4+ 23. Rxe4 axb2 24. Kxb2 Rfd8 25. g3 Ra8 26. Ne5 Ra4 27. Rd2 Rda8 28. Kb1 Rb4+ 29. Kc1 Raa4 30. Nf3 Rc4+ 31. Kd1 Rab4 32. Ke2 Rb1 33. Ne5 Rcc1 34. Nd3 Rc4 35. Ne5 Rcc1 36. Nd3 Rc4 1/2-1/2

[Event "CZE-chT2E 0910"]
[Site "Czech Republic"]
[Date "2009.12.06"]
[Round "4.3"]
[White "Mazoch, Jiri"]
[Black "Moulis, Mojmir"]
[Result "0-1"]
[WhiteElo "2110"]
[BlackElo "2067"]
[PlyCount "142"]
[EventDate "2009.10.18"]
[EventType "team-tourn"]
[EventRounds "11"]
[EventCountry "CZE"]
[SourceTitle "EXT 2012"]
[Source "ChessBase"]
[SourceDate "2011.11.24"]
[SourceVersion "1"]
[SourceVersionDate "2011.11.24"]
[SourceQuality "1"]
[WhiteTeam "Kromeriz II"]
[BlackTeam "Orechov"]
[WhiteTeamCountry "CZE"]
[BlackTeamCountry "CZE"]

1. d4 d5 2. c4 e6 3. Nc3 Nf6 4. cxd5 exd5 5. Bg5 c6 6. e3 Be7 7. Qc2 Bg4 8. Bd3 Bh5 9. Nge2 Bg6 10. Nf4 Bxd3 11. Nxd3 Nbd7 12. 0-0 0-0 13. b4 b5 14. a4 a6 15. f3 Nb6 16. Rfe1 Nc4 17. Bh4 Re8 18. Bf2 Bd6 19. Nc5 Qc7 20. g3 Bxc5 21. dxc5 Rad8 22. Rad1 Rd7 23. e4 dxe4 24. Rxd7 Qxd7 25. Nxe4 Nd5 26. axb5 axb5 27. Qd3 Rd8 28. Nc3 h6 29. Nxd5 Qxd5 30. Qxd5 Rxd5 31. Re8+ Kh7 32. Rc8 Ne5 33. f4 Rd1+ 34. Kg2 Nd3 35. Rxc6 Rd2 36. Kf3 Nxf2 37. Rd6 Rc2 38. Rb6 Nd3 39. Rxb5 Rc4 40. c6 Nxb4 41. Rb7 Kg6 42. h4 Nxc6 43. h5+ Kxh5 44. Rxf7 Rc3+ 45. Kg2 Kg6 46. Rd7 Kf6 47. g4 Ne7 48. Rd6+ Kf7 49. Rd4 Ng6 50. Kf2 Nf8 51. Re4 Ne6 52. Rb4 Kf6 53. Kg2 Rd3 54. Rb6 Kf7 55. f5 Nf4+ 56. Kf2 Ra3 57. Rc6 Nd5 58. Rc4 Nf6 59. Rc7+ Kg8 60. Rc4 Rh3 61. Rc8+ Kh7 62. Rc4 Rh4 63. Kg3 Rxg4+ 64. Rxg4 Nxg4 65. Kxg4 Kg8 66. Kf4 Kf7 67. Ke4 Kf6 68. Kf4 h5 69. Ke4 Kg5 70. Ke5 h4 71. Ke4 Kg4 0-1